[Event "Bayern-Hamburg"]
[Site "Dresden"]
[Date "2008.11.15"]
[Round "3.3"]
[White "Lampert, Jonas"]
[Black "Nuber, Blasius"]
[Result "1/2-1/2"]
[WhiteElo "1969"]
[BlackElo "2094"]
[PlyCount "95"]
[EventDate "2008.??.??"]
[WhiteTeam "Hamburg"]
[BlackTeam "Bayern"]

1. e4 e5 2. Nf3 Nc6 3. Bc4 Nf6 4. Ng5 d5 5. exd5 b5 6. Bf1 Nd4 7. c3 Nxd5 8.
cxd4 Qxg5 9. Bxb5+ Kd8 10. O-O Bb7 11. Qf3 Rb8 12. Qg3 Qxg3 13. fxg3 exd4 14.
Na3 f6 15. b3 Nb6 16. Bb2 c5 17. Be2 a5 18. Rfe1 Bd5 19. Rab1 a4 20. Nc4 axb3
21. axb3 Nd7 22. Ba3 Be7 23. Bf3 Bf7 24. Na5 Ne5 25. Nb7+ Kc7 26. Nxc5 Bxc5 27.
Bxc5 Rxb3 28. Rxb3 Bxb3 29. Bxd4 Nxf3+ 30. gxf3 Kd6 31. Bc3 Rb8 32. Kf2 Bd5 33.
Ra1 Rb6 34. Ra7 Rb7 35. Rxb7 Bxb7 36. f4 Ke6 37. g4 Bc6 38. h4 Be8 39. f5+ Ke7
40. Ke3 g6 41. Bb4+ Kf7 42. Kf4 Bc6 43. h5 gxh5 44. gxh5 h6 45. Bd6 Ba4 46. Kg4
Bd1+ 47. Kh4 Bc2 48. Kg4 1/2-1/2

[Event "Bayern-Hamburg"]
[Site "Dresden"]
[Date "2008.11.15"]
[Round "3.5"]
[White "Schulenburg, Torben"]
[Black "Anker, Christin"]
[Result "1-0"]
[WhiteElo "1905"]
[BlackElo "1799"]
[PlyCount "49"]
[EventDate "2008.??.??"]
[WhiteTeam "Hamburg"]
[BlackTeam "Bayern"]

1. d4 d5 2. c4 Nc6 3. Nf3 Bg4 4. Nbd2 dxc4 5. e3 e5 6. h3 Bxf3 7. Nxf3 exd4 8.
exd4 Nf6 9. Bxc4 Bb4+ 10. Bd2 Qe7+ 11. Kf1 O-O 12. Bc3 Bd6 13. Qb3 Rab8 14. Re1
Qd8 15. Ng5 Qd7 16. d5 Ne7 17. Bxf6 gxf6 18. Ne4 Be5 19. f4 Qf5 20. Qf3 Bd4 21.
Ng3 Qc2 22. Bd3 Qc5 23. Rxe7 Rbe8 24. Rxe8 Qc1+ 25. Re1 1-0

[Event "Bayern-Hamburg"]
[Site "Dresden"]
[Date "2008.11.15"]
[Round "3.6"]
[White "Pfadenhauer, Johannes"]
[Black "Herbold, Nora Marina"]
[Result "1/2-1/2"]
[WhiteElo "1678"]
[BlackElo "1673"]
[PlyCount "83"]
[EventDate "2008.??.??"]
[WhiteTeam "Bayern"]
[BlackTeam "Hamburg"]

1. d4 Nf6 2. Bg5 d6 3. Bxf6 gxf6 4. e3 Bf5 5. Bc4 e6 6. Ne2 Nd7 7. Nd2 Qe7 8.
Ng3 Bg6 9. c3 Bh6 10. h4 Nb6 11. h5 Nxc4 12. Nxc4 Bf5 13. Nxf5 exf5 14. Qf3 Qe4
15. O-O-O O-O-O 16. Nd2 Qg4 17. Qd5 f4 18. exf4 Bxf4 19. f3 Qe6 20. Qa5 Kb8 21.
Rhe1 Qd7 22. Kb1 d5 23. Ka1 Rhg8 24. Re2 Qf5 25. Nb3 Rge8 26. Rxe8 Rxe8 27. Qb5
c6 28. Qf1 Bd6 29. Nc5 Bxc5 30. dxc5 Qxh5 31. c4 Rd8 32. a3 Qe5 33. Qd3 d4 34.
Qxh7 Qe2 35. Rd3 Qe7 36. Qh5 Qe6 37. Qh4 Qxc4 38. Qxf6 Kc8 39. Qf5+ Kb8 40. g4
Qc1+ 41. Ka2 Qc4+ 42. Kb1 1/2-1/2

[Event "Bayern-Hamburg"]
[Site "Dresden"]
[Date "2008.11.15"]
[Round "3.7"]
[White "Weber, Marina"]
[Black "Adermann, Mara"]
[Result "0-1"]
[WhiteElo "1392"]
[BlackElo "1558"]
[PlyCount "80"]
[EventDate "2008.??.??"]
[WhiteTeam "Hamburg"]
[BlackTeam "Bayern"]

1. e4 Nf6 2. Nc3 e5 3. Nf3 Nc6 4. Bc4 Bc5 5. d3 h6 6. O-O d6 7. h3 Bd7 8. Be3
Bb6 9. Nd5 Na5 10. Bxb6 axb6 11. a3 Nxc4 12. dxc4 Nxe4 13. Re1 Nf6 14. Qd3 O-O
15. Nd2 Nxd5 16. cxd5 Qf6 17. Re3 Ra4 18. Ne4 Qg6 19. Rae1 Bf5 20. b4 Bxe4 21.
Rxe4 Rfa8 22. Ra1 f5 23. Re3 Qf7 24. f4 e4 25. Qc3 Qxd5 26. Rg3 Qf7 27. Qd4 Kh7
28. c4 Qf6 29. Qd1 Rxb4 30. Rc1 Rba4 31. Rcc3 c5 32. Qd5 Qd4+ 33. Kf1 Qxd5 34.
cxd5 Rd4 35. Rb3 Ra6 36. Rb1 Rxd5 37. Rgb3 c4 38. Rxb6 Rxb6 39. Rxb6 c3 40.
Rxb7 c2 0-1

[Event "Bayern-Hamburg"]
[Site "Dresden"]
[Date "2008.11.15"]
[Round "3.8"]
[White "Berger, Nadja"]
[Black "Lemke, Berfín"]
[Result "1-0"]
[WhiteElo "1553"]
[BlackElo "1095"]
[PlyCount "69"]
[EventDate "2008.??.??"]
[WhiteTeam "Bayern"]
[BlackTeam "Hamburg"]

1. e4 e5 2. Nf3 Nc6 3. Bb5 a6 4. Bxc6 dxc6 5. d4 exd4 6. Qxd4 Qxd4 7. Nxd4 Bc5
8. Nb3 Bb6 9. Nc3 Bg4 10. f3 Be6 11. Bd2 Nf6 12. O-O-O a5 13. Na4 Nd7 14. Rhe1
c5 15. Be3 c4 16. Nbc5 Nxc5 17. Bxc5 Bxc5 18. Nxc5 b5 19. Nxe6 fxe6 20. c3 b4
21. Rd4 b3 22. a3 Ke7 23. Red1 Rhd8 24. Rxd8 Rxd8 25. Rxd8 Kxd8 26. Kd2 e5 27.
Ke3 g5 28. g3 Ke7 29. f4 Ke6 30. fxg5 Kf7 31. Kf3 Kg6 32. Kg4 c5 33. h4 h5+ 34.
gxh6 Kxh6 35. Kf5 1-0

[Event "Sachsen 1-Thüringen"]
[Site "Dresden"]
[Date "2008.11.15"]
[Round "3.3"]
[White "Steinacker, Alex"]
[Black "Dünzel, Jonas"]
[Result "1-0"]
[WhiteElo "1771"]
[BlackElo "1983"]
[PlyCount "57"]
[EventDate "2008.??.??"]
[WhiteTeam "Thüringen"]
[BlackTeam "Sachsen 1"]

1. c4 c5 2. Nc3 e6 3. g3 Nc6 4. Bg2 g6 5. Nf3 Bg7 6. d3 Nge7 7. O-O O-O 8. Bd2
d6 9. Rb1 a6 10. a3 d5 11. b4 cxb4 12. axb4 a5 13. b5 Nb8 14. c5 e5 15. Qc2 Bf5
16. e4 Bg4 17. exd5 Nxd5 18. Nxd5 Qxd5 19. Ng5 Qd7 20. c6 bxc6 21. bxc6 Qc7 22.
Rb7 Qd6 23. Be3 Na6 24. Qc4 Be6 25. Nxe6 Qxe6 26. Bd5 Qf5 27. Ra1 Nb4 28. Be4
Qc8 29. Bc5 1-0

[Event "Sachsen 1-Thüringen"]
[Site "Dresden"]
[Date "2008.11.15"]
[Round "3.4"]
[White "Schätz, Christopher"]
[Black "Tischer, Jana"]
[Result "1/2-1/2"]
[WhiteElo "1931"]
[BlackElo "1709"]
[PlyCount "87"]
[EventDate "2008.??.??"]
[WhiteTeam "Sachsen 1"]
[BlackTeam "Thüringen"]

1. e4 c5 2. Nf3 Nc6 3. d4 cxd4 4. Nxd4 Nf6 5. Nc3 e5 6. Ndb5 d6 7. Bg5 a6 8.
Na3 b5 9. Nd5 Be7 10. Bxf6 Bxf6 11. c3 O-O 12. h4 Be6 13. Nc2 Bxd5 14. exd5 Ne7
15. g3 Qb6 16. Ne3 b4 17. cxb4 Qxb4+ 18. Qd2 Nxd5 19. Qxb4 Nxb4 20. a3 Nc6 21.
Bg2 Rac8 22. Nf5 Rfd8 23. Rd1 Nd4 24. Nxd4 exd4 25. O-O Rc2 26. b3 Re8 27. Rfe1
Kf8 28. Rxe8+ Kxe8 29. Bf1 a5 30. Bb5+ Kf8 31. Bc4 a4 32. Rd3 Rc3 33. Kf1 axb3
34. Rxc3 dxc3 35. Bxb3 Bd8 36. Ke2 Bb6 37. f3 Ke7 38. g4 f6 39. Kd3 Bf2 40. h5
Be1 41. Bg8 h6 42. Bb3 Kd7 43. Kd4 Bd2 44. Kd5 1/2-1/2

[Event "Sachsen 1-Thüringen"]
[Site "Dresden"]
[Date "2008.11.15"]
[Round "3.5"]
[White "Pältz, Sebastian"]
[Black "Nguyen Minh, Thuy"]
[Result "1/2-1/2"]
[WhiteElo "1676"]
[BlackElo "1860"]
[PlyCount "70"]
[EventDate "2008.??.??"]
[WhiteTeam "Thüringen"]
[BlackTeam "Sachsen 1"]

1. e4 c5 2. c3 Nf6 3. e5 Nd5 4. d4 cxd4 5. Nf3 Nc6 6. cxd4 e6 7. Bc4 d6 8. O-O
Be7 9. Bd2 O-O 10. Nc3 Nb6 11. Bb3 dxe5 12. dxe5 Nd7 13. Re1 a6 14. a3 Nc5 15.
Bc2 Nd3 16. Re3 Nf4 17. Ne2 Ng6 18. Rc1 Qb6 19. Rb3 Qd8 20. Nf4 Nxf4 21. Bxf4
Qxd1+ 22. Rxd1 Rb8 23. Be4 Na5 24. Rc3 b5 25. Be3 Bb7 26. Bxb7 Rxb7 27. Nd2 Rd7
28. Rdc1 f6 29. f4 fxe5 30. fxe5 Rf5 31. b4 Nc4 32. Nxc4 bxc4 33. Rxc4 Rxe5 34.
Bf4 Re2 35. Rc6 e5 1/2-1/2

[Event "Sachsen 1-Thüringen"]
[Site "Dresden"]
[Date "2008.11.15"]
[Round "3.8"]
[White "Pührer, Anne"]
[Black "Michels, Kim"]
[Result "1-0"]
[WhiteElo "1282"]
[BlackElo "1321"]
[PlyCount "95"]
[EventDate "2008.??.??"]
[WhiteTeam "Sachsen 1"]
[BlackTeam "Thüringen"]

1. e4 c5 2. Nf3 Nc6 3. d4 cxd4 4. Nxd4 g6 5. Nc3 Bg7 6. Be3 Nf6 7. f3 O-O 8.
Qd2 d5 9. Nxc6 bxc6 10. e5 Nd7 11. f4 Nb6 12. O-O-O Bg4 13. Re1 Qd7 14. h3 Bf5
15. g4 Be6 16. Be2 Rfd8 17. Rd1 Rac8 18. Bc5 Qb7 19. h4 Rb8 20. Ba3 c5 21. b3
d4 22. Nb1 c4 23. Rdf1 cxb3 24. axb3 Na4 25. h5 Bd5 26. Rhg1 Bg2 27. Rf2 Be4
28. hxg6 hxg6 29. Bd3 Bxd3 30. Qxd3 Bh6 31. Qh3 Bg7 32. Rh2 Qe4 33. Nd2 Qe3 34.
Bxe7 Qxg1+ 35. Nf1 f5 36. Bxd8 Rxd8 37. bxa4 fxg4 38. Qg2 Qxg2 39. Rxg2 Rc8 40.
Rxg4 d3 41. Ne3 Kf7 42. Kd2 dxc2 43. Nxc2 Rd8+ 44. Ke3 Rc8 45. Nd4 Rc4 46. a5
Bh6 47. Nb5 Rc7 48. Nxc7 1-0

[Event "Württemberg 2-Sachsen 2"]
[Site "Dresden"]
[Date "2008.11.15"]
[Round "3.1"]
[White "Schäfer, Erik"]
[Black "Zhou, Syang"]
[Result "1-0"]
[WhiteElo "2086"]
[BlackElo "2087"]
[PlyCount "83"]
[EventDate "2008.??.??"]
[WhiteTeam "Sachsen 2"]
[BlackTeam "Württemberg 2"]

1. e4 c5 2. Nf3 d6 3. d4 cxd4 4. Nxd4 Nf6 5. Nc3 g6 6. g3 Bg7 7. Bg2 O-O 8. h3
Nc6 9. Nde2 Bd7 10. O-O Ne5 11. a4 Rc8 12. b3 Bc6 13. Ra2 Ned7 14. Nd5 e6 15.
Nxf6+ Nxf6 16. Qd3 d5 17. e5 Nd7 18. f4 f6 19. exf6 Bxf6 20. Nd4 Qe7 21. Ba3
Nc5 22. Qe3 Bd7 23. Re1 Qg7 24. Nf3 Ne4 25. Bxf8 Qxf8 26. c4 Nxg3 27. Ne5 Bxe5
28. fxe5 Nf5 29. Qxa7 Qb4 30. Qf2 Qxb3 31. cxd5 Nh4 32. Rb2 Qxa4 33. Rxb7 Rf8
34. Qe2 Nxg2 35. Kxg2 Bc8 36. Rb8 Qa7 37. Qb2 Qc5 38. Rd1 exd5 39. e6 Bxe6 40.
Rxf8+ Kxf8 41. Qf6+ Bf7 42. Rf1 1-0

[Event "Württemberg 2-Sachsen 2"]
[Site "Dresden"]
[Date "2008.11.15"]
[Round "3.2"]
[White "Geshnizjani, Ramin Tobias"]
[Black "Zimmermann, René"]
[Result "1/2-1/2"]
[WhiteElo "2002"]
[BlackElo "1980"]
[PlyCount "86"]
[EventDate "2008.??.??"]
[WhiteTeam "Württemberg 2"]
[BlackTeam "Sachsen 2"]

1. e4 e6 2. d4 d5 3. Nd2 Nf6 4. e5 Nfd7 5. c3 c5 6. Bd3 Nc6 7. Ne2 cxd4 8. cxd4
f6 9. exf6 Nxf6 10. Nf3 Bd6 11. O-O Qc7 12. Bg5 O-O 13. Bh4 Nh5 14. Bg3 Nxg3
15. hxg3 Bd7 16. Nc3 Qd8 17. Qe2 Qf6 18. Rad1 Be8 19. Rfe1 Bf7 20. Bb1 Rae8 21.
Ne5 Bxe5 22. dxe5 Qg5 23. Qd2 Qh5 24. Qe2 Qxe2 25. Rxe2 g5 26. Nb5 Kg7 27. Nd6
Re7 28. Nxf7 Rexf7 29. f3 Rd8 30. Kf2 h6 31. a3 Rdd7 32. Re3 Na5 33. Rc3 Rc7
34. Rxc7 Rxc7 35. f4 Nc4 36. f5 Kf7 37. Ba2 Nxe5 38. fxe6+ Kf6 39. Bxd5 Rc2+
40. Ke3 Rxb2 41. Kd4 Re2 42. Rf1+ Ke7 43. Bxb7 Kxe6 1/2-1/2

[Event "Württemberg 2-Sachsen 2"]
[Site "Dresden"]
[Date "2008.11.15"]
[Round "3.4"]
[White "Djalalova, Nigora"]
[Black "Stark, Saskia"]
[Result "1/2-1/2"]
[WhiteElo "1900"]
[BlackElo "1775"]
[PlyCount "131"]
[EventDate "2008.??.??"]
[WhiteTeam "Württemberg 2"]
[BlackTeam "Sachsen 2"]

1. d4 d5 2. c4 dxc4 3. Nf3 Nf6 4. Nc3 Bf5 5. e3 e6 6. Bxc4 Nbd7 7. O-O Be7 8.
Re1 Nb6 9. Qe2 O-O 10. a3 Ne4 11. Nxe4 Bxe4 12. Nd2 Nxc4 13. Nxe4 Nd6 14. Ng3
c6 15. b4 a5 16. Bd2 a4 17. Bc3 Re8 18. Bb2 b5 19. Qc2 Nc4 20. Ne4 Bf6 21. Rad1
Qc7 22. Nd2 Nd6 23. Rc1 Rac8 24. Qc5 Nb7 25. Qh5 Red8 26. Ne4 Rd5 27. Qg4 Qe7
28. Rc2 Nd8 29. Rec1 Rc7 30. Rc5 h5 31. Nxf6+ Qxf6 32. Qg3 Rcd7 33. e4 Rxc5 34.
Rxc5 Qg6 35. Rg5 Qxe4 36. Rxg7+ Kf8 37. Rg8+ Ke7 38. Qg5+ Kd6 39. Qc5+ Kc7 40.
Qc1 Rd5 41. Rg7 Rf5 42. h3 Qe2 43. f3 Qd3 44. Qe1 Kd7 45. Kh2 Qc2 46. Qc3 Qe2
47. Bc1 Nb7 48. Qe3 Qc2 49. Rg5 Nd6 50. Qd2 Qxd2 51. Bxd2 Rxg5 52. Bxg5 Nf5 53.
g4 Nxd4 54. Bf6 e5 55. gxh5 Ke6 56. Bg7 Nxf3+ 57. Kg3 Ng5 58. h6 Kf5 59. h4 Nh7
60. Kf3 f6 61. Ke3 Ke6 62. Ke4 f5+ 63. Ke3 Kd5 64. Kf3 Kd4 65. Bh8 Kd5 66. Bg7
1/2-1/2

[Event "Württemberg 2-Sachsen 2"]
[Site "Dresden"]
[Date "2008.11.15"]
[Round "3.5"]
[White "Lehr, Albert"]
[Black "Marquardt, Patrick"]
[Result "0-1"]
[WhiteElo "1668"]
[BlackElo "1830"]
[PlyCount "94"]
[EventDate "2008.??.??"]
[WhiteTeam "Sachsen 2"]
[BlackTeam "Württemberg 2"]

1. e4 c5 2. Nf3 e6 3. d4 cxd4 4. Nxd4 a6 5. Bd3 Nc6 6. Nxc6 dxc6 7. O-O e5 8.
f4 Bc5+ 9. Kh1 Nf6 10. f5 h5 11. Bg5 h4 12. Nd2 Nh5 13. Qxh5 Rxh5 14. Bxd8 Kxd8
15. Nf3 f6 16. h3 b5 17. Rfd1 Ke7 18. Be2 Rh8 19. Rd3 Ra7 20. Rad1 Rd7 21.
Rxd7+ Bxd7 22. Kh2 Bf2 23. Nd2 c5 24. Nf1 Bc6 25. Bf3 c4 26. g4 hxg3+ 27. Nxg3
Rh4 28. Nh5 Bxe4 29. Bxe4 Rxe4 30. Rd2 Be3 31. Ng3 Bf4 32. Kg2 Bxg3 33. Kxg3
Rf4 34. Rf2 Rxf2 35. Kxf2 Kd6 36. Ke3 Kd5 37. c3 a5 38. a3 Kc5 39. Ke4 Kd6 40.
Kf3 Kd5 41. Ke3 e4 42. Kf4 e3 43. Kxe3 Ke5 44. h4 Kxf5 45. a4 bxa4 46. Kd4 Kf4
47. Kxc4 Ke4 0-1

[Event "Württemberg 2-Sachsen 2"]
[Site "Dresden"]
[Date "2008.11.15"]
[Round "3.7"]
[White "Viereck, Marten"]
[Black "Schäfer, Daniela"]
[Result "0-1"]
[WhiteElo "1353"]
[BlackElo "1779"]
[PlyCount "104"]
[EventDate "2008.??.??"]
[WhiteTeam "Sachsen 2"]
[BlackTeam "Württemberg 2"]

1. Nf3 Nf6 2. d4 d5 3. c4 c6 4. Nc3 a6 5. a4 g6 6. e3 Bg7 7. Qb3 O-O 8. a5 Re8
9. Be2 dxc4 10. Bxc4 e6 11. O-O Nbd7 12. Ng5 Qe7 13. e4 h6 14. e5 hxg5 15. Bxg5
Qf8 16. exf6 Nxf6 17. Rad1 Nd5 18. Rfe1 Nb4 19. Na4 Nd5 20. Nc3 Nf6 21. Na4 Nd7
22. Re4 Qd6 23. Bf4 Qe7 24. d5 cxd5 25. Bxd5 Nf6 26. Ree1 Nxd5 27. Rxd5 exd5
28. Rxe7 Rxe7 29. h3 Be6 30. Nc5 d4 31. Qf3 Bf5 32. g4 Bc2 33. Nxb7 Be4 34. Qe2
d3 35. Qe1 Bf8 36. Bg5 d2 37. Qxd2 Rxb7 38. Qd4 Re8 39. Qc4 Rb5 40. Bf6 Bd5 41.
Qc7 Re1+ 42. Kh2 Re6 43. Be5 Bb7 44. Bg3 Re1 45. Bd6 Rh1+ 46. Kg3 Rb3+ 47. Kf4
Bh6+ 48. g5 Bg7 49. Qd8+ Kh7 50. Bf8 Re1 51. Kg4 Re4+ 52. f4 Be5 0-1

[Event "Württemberg 2-Sachsen 2"]
[Site "Dresden"]
[Date "2008.11.15"]
[Round "3.8"]
[White "Bohm, Stephanie"]
[Black "Winkelmann, Elise"]
[Result "1/2-1/2"]
[WhiteElo "1162"]
[BlackElo "944"]
[PlyCount "54"]
[EventDate "2008.??.??"]
[WhiteTeam "Württemberg 2"]
[BlackTeam "Sachsen 2"]

1. d4 d5 2. c4 dxc4 3. Qa4+ Nc6 4. Nf3 Be6 5. e4 Bd7 6. Qxc4 g6 7. g3 Nf6 8.
Nc3 Bg7 9. Bg2 O-O 10. O-O Ne8 11. Be3 Bg4 12. h3 Bxf3 13. Bxf3 Bxd4 14. Bxd4
Nxd4 15. Bg4 Nf6 16. Rad1 e5 17. Be2 Nxe2+ 18. Qxe2 Qe7 19. Rd3 Rad8 20. Rfd1
Rxd3 21. Rxd3 Nh5 22. Qd2 Qe8 23. Nd5 c6 24. Ne3 Qe6 25. g4 Nf4 26. Rb3 Nxh3+
27. Kh2 Nxf2 1/2-1/2

[Event "Hessen 2-Mecklenburg-Vorpommern"]
[Site "Dresden"]
[Date "2008.11.15"]
[Round "3.1"]
[White "Kesten, Sebastian"]
[Black "Fink, Leander"]
[Result "1/2-1/2"]
[WhiteElo "2137"]
[BlackElo "2069"]
[PlyCount "78"]
[EventDate "2008.??.??"]
[WhiteTeam "Mecklenburg-Vorpommern"]
[BlackTeam "Hessen 2"]

1. d4 d6 2. Nf3 Nf6 3. c4 g6 4. Nc3 Bg7 5. e4 O-O 6. Be2 e5 7. O-O Nbd7 8. Be3
Ng4 9. Bg5 f6 10. Bd2 c6 11. h3 Nh6 12. d5 c5 13. Rb1 f5 14. exf5 gxf5 15. Qc1
Nf7 16. Ne1 f4 17. Bg4 Nh6 18. Be6+ Kh8 19. f3 Nf5 20. Ne4 Nd4 21. Qd1 Nxe6 22.
dxe6 Nb6 23. Ba5 Bxe6 24. Qb3 Bxc4 25. Bxb6 axb6 26. Qxc4 d5 27. Qc2 dxe4 28.
fxe4 Qd4+ 29. Rf2 Rfd8 30. b3 Bf6 31. Nf3 Qd3 32. Qxd3 Rxd3 33. Rc2 Re3 34. b4
c4 35. Rxc4 Rxa2 36. Rd1 Ree2 37. Rc8+ Kg7 38. Rd7+ Kh6 39. Rg8 b5 1/2-1/2

[Event "Hessen 2-Mecklenburg-Vorpommern"]
[Site "Dresden"]
[Date "2008.11.15"]
[Round "3.3"]
[White "Stemmler, Lysan"]
[Black "Jung, Gerhard"]
[Result "0-1"]
[WhiteElo "1740"]
[BlackElo "2006"]
[PlyCount "66"]
[EventDate "2008.??.??"]
[WhiteTeam "Mecklenburg-Vorpommern"]
[BlackTeam "Hessen 2"]

1. e4 e5 2. Nf3 Nc6 3. d4 exd4 4. Nxd4 Nf6 5. Nxc6 bxc6 6. e5 Qe7 7. Qe2 Nd5 8.
c4 Ba6 9. Qe4 Nf6 10. Qe2 Nd5 11. Nd2 Nf4 12. Qe3 Ng6 13. Nf3 Qb4+ 14. Qc3
Qxc3+ 15. bxc3 Bc5 16. Bd3 O-O 17. O-O Rfe8 18. Re1 Rab8 19. Bf5 d6 20. Bd7 Re7
21. e6 f6 22. Nd4 Bxd4 23. cxd4 Bxc4 24. f4 Bd5 25. Be3 Rb2 26. Rab1 Rxg2+ 27.
Kf1 Rxh2 28. f5 Nf8 29. Rb8 Be4 30. d5 cxd5 31. Rc1 c5 32. Bxc5 dxc5 33. Rxc5
Rxa2 0-1

[Event "Hessen 2-Mecklenburg-Vorpommern"]
[Site "Dresden"]
[Date "2008.11.15"]
[Round "3.4"]
[White "Donchenko, Alexander"]
[Black "Hingst, Silke"]
[Result "1-0"]
[WhiteElo "1880"]
[BlackElo "1820"]
[PlyCount "103"]
[EventDate "2008.??.??"]
[WhiteTeam "Hessen 2"]
[BlackTeam "Mecklenburg-Vorpommern"]

1. d4 f5 2. Nf3 Nf6 3. c4 g6 4. g3 Bg7 5. Bg2 d6 6. Nc3 O-O 7. O-O Qe8 8. d5 e5
9. dxe6 Qxe6 10. Qd3 Na6 11. Nd4 Qe7 12. Bg5 c6 13. Qd2 Bd7 14. Rfe1 Qf7 15. b3
Ne4 16. Nxe4 fxe4 17. e3 d5 18. cxd5 cxd5 19. Rac1 Rac8 20. Bf4 Qe7 21. Nb5 Qe6
22. Bf1 Bxb5 23. Bxb5 Nc5 24. Red1 Rfd8 25. Bg5 Bf6 26. Bxf6 Qxf6 27. b4 Ne6
28. Rxc8 Rxc8 29. Bd7 Rf8 30. Bxe6+ Qxe6 31. Qxd5 Qf7 32. Kg2 Kg7 33. Qd7 h5
34. Rd4 Kf6 35. Qxf7+ Rxf7 36. Rxe4 Rc7 37. Rd4 Ke6 38. g4 hxg4 39. Rxg4 Kf5
40. Kf3 Rc2 41. a4 Ra2 42. Rf4+ Ke6 43. a5 Rb2 44. h4 Rb1 45. Ke2 Ke5 46. Kf3
Ke6 47. Re4+ Kf5 48. Rc4 Rb2 49. Rc5+ Ke6 50. Rb5 b6 51. axb6 a6 52. b7 1-0

[Event "Hessen 2-Mecklenburg-Vorpommern"]
[Site "Dresden"]
[Date "2008.11.15"]
[Round "3.7"]
[White "Schöbel, Ulrike"]
[Black "Zuyev, Lisa"]
[Result "1-0"]
[WhiteElo "1512"]
[BlackElo "1527"]
[PlyCount "73"]
[EventDate "2008.??.??"]
[WhiteTeam "Mecklenburg-Vorpommern"]
[BlackTeam "Hessen 2"]

1. d4 Nf6 2. Nf3 e6 3. Bf4 b6 4. Nbd2 Bb7 5. e3 Be7 6. Bd3 d5 7. O-O Bd6 8. Bg3
Nc6 9. c3 Ng4 10. e4 Bxg3 11. hxg3 dxe4 12. Bxe4 Nf6 13. Bc2 Qd6 14. Ne4 Qd8
15. Re1 Qe7 16. Qe2 O-O-O 17. b4 Qf8 18. b5 Ne7 19. a4 Nxe4 20. Bxe4 Nd5 21.
Rec1 f5 22. Bd3 Qf6 23. Ne5 Ne7 24. a5 h5 25. axb6 axb6 26. Nc6 Rd6 27. Nxe7+
Qxe7 28. Bxf5 Qf6 29. Be4 Bxe4 30. Qxe4 Kd7 31. Rd1 h4 32. gxh4 Rxh4 33. Qe3 g5
34. Qf3 Qh6 35. Qf7+ Kc8 36. Qe8+ Kb7 37. Qa8# 1-0

[Event "Hessen 2-Mecklenburg-Vorpommern"]
[Site "Dresden"]
[Date "2008.11.15"]
[Round "3.8"]
[White "Sancar, Alina"]
[Black "Wulf, Constanze"]
[Result "1-0"]
[WhiteElo "1503"]
[BlackElo "970"]
[PlyCount "120"]
[EventDate "2008.??.??"]
[WhiteTeam "Hessen 2"]
[BlackTeam "Mecklenburg-Vorpommern"]

1. d4 d6 2. c4 Nf6 3. Nc3 g6 4. Nf3 Bg7 5. e3 O-O 6. Bd2 c5 7. d5 Bf5 8. Be2
Qc7 9. O-O a6 10. a4 Nbd7 11. Nh4 Be4 12. Nxe4 Nxe4 13. Qc2 Nxd2 14. Qxd2 f5
15. Nf3 Nf6 16. Ng5 Qd7 17. Ne6 Rf7 18. Bf3 Bh8 19. Rfe1 Ne8 20. e4 Nc7 21.
exf5 Rxf5 22. Bg4 Re5 23. f4 Rxe1+ 24. Rxe1 Rb8 25. b3 Bf6 26. f5 Nxe6 27. Rxe6
Qe8 28. Qd3 Qf7 29. Kh1 Rf8 30. Re3 Be5 31. Rf3 Qg7 32. fxg6 hxg6 33. Be6+ Kh7
34. Rh3+ Qh6 35. Rxh6+ Kxh6 36. Bg4 Bc3 37. Bf3 Be5 38. Qd2+ Kg7 39. Qa5 Rf4
40. Qc7 Kf7 41. Qxb7 Rd4 42. Qc8 Bf6 43. Qxa6 Rd2 44. Qc8 Rb2 45. Qe6+ Kg7 46.
Bd1 Rd2 47. Qe1 Rd3 48. h3 Rc3 49. a5 Rc1 50. Qd2 Ra1 51. Kh2 Be5+ 52. g3 Rb1
53. Bg4 Rxb3 54. Qf2 Ra3 55. Qe1 Kf8 56. Bc8 Ke8 57. a6 Kd8 58. Bb7 Kc7 59. h4
Kb8 60. Bc6 Rxa6 1-0

[Event "Schleswig-Holstein-Saarland"]
[Site "Dresden"]
[Date "2008.11.15"]
[Round "3.4"]
[White "Powierski, Emil"]
[Black "Sonnhalter, Stella"]
[Result "1-0"]
[WhiteElo "1654"]
[BlackElo "1607"]
[PlyCount "59"]
[EventDate "2008.??.??"]
[WhiteTeam "Schleswig-Holstein"]
[BlackTeam "Saarland"]

1. e4 c5 2. Nf3 Nc6 3. d4 cxd4 4. Nxd4 g6 5. c4 Bg7 6. Nc2 Nf6 7. Nc3 d6 8. Be2
O-O 9. O-O Nd7 10. Bd2 a5 11. b3 Nc5 12. f3 Nb4 13. Na3 Qb6 14. Kh1 Bd7 15. Rb1
Rfc8 16. Nd5 Nxd5 17. exd5 Bf5 18. Rc1 Bb2 19. Nb5 Bxc1 20. Bxc1 Nd7 21. g4 Bc2
22. Qd2 a4 23. Bb2 axb3 24. axb3 f6 25. Bd4 Qa5 26. b4 Qa4 27. Nc3 Qb3 28. Rc1
Qxb4 29. Qxc2 Nb6 30. Rb1 1-0

[Event "Schleswig-Holstein-Saarland"]
[Site "Dresden"]
[Date "2008.11.15"]
[Round "3.6"]
[White "Marx, Inga"]
[Black "Brühan, Caren"]
[Result "1-0"]
[WhiteElo "1595"]
[BlackElo "1226"]
[PlyCount "61"]
[EventDate "2008.??.??"]
[WhiteTeam "Schleswig-Holstein"]
[BlackTeam "Saarland"]

1. e4 c5 2. Nf3 Nc6 3. d4 cxd4 4. Nxd4 g6 5. c4 Bg7 6. Be3 d6 7. Nc3 Nf6 8. Be2
O-O 9. O-O a5 10. Qd2 Nd7 11. Rfd1 Nc5 12. Nxc6 Nxe4 13. Nxe4 bxc6 14. Bh6 c5
15. Bxg7 Kxg7 16. Nxc5 Qb6 17. Na4 Qb4 18. Qxb4 axb4 19. Nb6 Rb8 20. Nd5 b3 21.
a3 Bb7 22. Nb4 Rfd8 23. Rd3 e6 24. Rxb3 d5 25. cxd5 Bxd5 26. Rc3 Ra8 27. Nxd5
exd5 28. Rd3 Rdb8 29. Rd2 f5 30. Bf3 d4 31. Bxa8 1-0

[Event "Schleswig-Holstein-Saarland"]
[Site "Dresden"]
[Date "2008.11.15"]
[Round "3.7"]
[White "Schmitt, Carsten"]
[Black "Polert, Annika"]
[Result "1-0"]
[WhiteElo "1383"]
[BlackElo "1506"]
[PlyCount "80"]
[EventDate "2008.??.??"]
[WhiteTeam "Saarland"]
[BlackTeam "Schleswig-Holstein"]

1. e4 c6 2. d4 d5 3. exd5 cxd5 4. Nf3 Bg4 5. c4 e6 6. Nc3 Bb4 7. Be2 Nc6 8. Be3
Nf6 9. Qb3 Qd7 10. Ne5 Bxc3+ 11. bxc3 Nxe5 12. dxe5 dxc4 13. Bxc4 O-O 14. exf6
gxf6 15. Be2 Bxe2 16. Kxe2 e5 17. f3 Kh8 18. Rhd1 Qf5 19. Rd2 b6 20. g4 Qg6 21.
Qc2 Rfe8 22. Qxg6 fxg6 23. Rad1 e4 24. fxe4 Rxe4 25. Rd8+ Rxd8 26. Rxd8+ Kg7
27. Rd7+ Kg8 28. Rd4 Re7 29. Kf3 Kf7 30. Bf4 Rb7 31. Rc4 b5 32. Rc7+ Rxc7 33.
Bxc7 Ke7 34. Ke3 Kd7 35. Ba5 a6 36. Kd3 Kc6 37. c4 bxc4+ 38. Kxc4 h5 39. gxh5
gxh5 40. a3 f5 1-0

[Event "Hessen 2-Mecklenburg-Vorpommern"]
[Site "Dresden"]
[Date "2008.11.15"]
[Round "3.5"]
[White "Wolf, Christoph"]
[Black "Medvedovski, Michael"]
[Result "1-0"]
[WhiteElo "1790"]
[BlackElo "1756"]
[PlyCount "93"]
[EventDate "2008.??.??"]
[WhiteTeam "Mecklenburg-Vorpommern"]
[BlackTeam "Hessen 2"]

1. e4 c5 2. Nf3 Nc6 3. d4 cxd4 4. Nxd4 e5 5. Nb5 a6 6. Nd6+ Bxd6 7. Qxd6 Qf6 8.
Qd1 Qg6 9. Nc3 d5 10. Nxd5 Qxe4+ 11. Be3 Nd4 12. Nc7+ Ke7 13. Rc1 Bg4 14. Qd3
Qxd3 15. Bxd3 Rd8 16. h3 Bc8 17. f4 Kd6 18. Na8 b5 19. fxe5+ Kxe5 20. O-O f5
21. Nb6 Be6 22. Bg5 Re8 23. c3 Nc6 24. Rce1+ Kd6 25. Bxf5 Nf6 26. Bxe6 Rxe6 27.
Bxf6 Rxe1 28. Rxe1 gxf6 29. Rd1+ Ke6 30. Nd7 a5 31. Nc5+ Ke5 32. Nd7+ Ke6 33.
Nxf6 Kxf6 34. Rd6+ Ke5 35. Rxc6 Rd8 36. Rc5+ Rd5 37. Rxd5+ Kxd5 38. Kf2 Kc4 39.
Ke3 a4 40. Kd2 h6 41. g4 b4 42. cxb4 Kxb4 43. h4 Kc4 44. g5 hxg5 45. hxg5 Kd5
46. Kd3 a3 47. b4 1-0

[Event "Niedersachsen-Sachsen Anhalt"]
[Site "Dresden"]
[Date "2008.11.15"]
[Round "3.8"]
[White "Manusina, Nicole"]
[Black "Müller, Alexandra"]
[Result "1-0"]
[WhiteElo "1612"]
[BlackElo "1532"]
[PlyCount "80"]
[EventDate "2008.??.??"]
[WhiteTeam "Niedersachsen"]
[BlackTeam "Sachsen Anhalt"]

1. d4 d5 2. c4 e6 3. Nc3 Nf6 4. Bg5 Be7 5. e3 O-O 6. Nf3 h6 7. Bh4 b6 8. cxd5
Nxd5 9. Bxe7 Qxe7 10. Nxd5 exd5 11. Qc2 Be6 12. Bd3 Rc8 13. Qd2 c5 14. Rc1 a5
15. O-O Qa7 16. Bb1 Nd7 17. a3 c4 18. e4 Qb7 19. e5 Rc7 20. Nh4 b5 21. f4 Nb6
22. f5 Bc8 23. f6 c3 24. Qc2 g6 25. b3 Be6 26. Qd3 b4 27. Qe3 Kh7 28. a4 Rac8
29. Bc2 Qa7 30. Nf3 Qb7 31. h4 Rg8 32. Nh2 Qc8 33. h5 Rb7 34. Qf4 Qd8 35. Ng4
Qf8 36. Rf3 Bxg4 37. Qxg4 Nc8 38. e6 Nb6 39. hxg6+ fxg6 40. Re1 Na8 1-0